000 00402nam a22001577a 4500
999 _c10417
_d10417
003 OSt
008 210205b ||||| |||| 00| 0 eng d
020 _a9780074623206
100 _aPelczar,Michael J, Chan,ECS and Krieg Noel R
245 _aMicrobiology
250 _a5th
260 _aNew Delhi
_bTMH
_c2019
300 _a918
650 _aPharmaceutical Microbiology/ Biotech
942 _2ddc
_cBK
_02